Normal view
MARC view
Entry Personal Name
001 - CONTROL NUMBER
- control field: 74254
003 - CONTROL NUMBER IDENTIFIER
- control field: dpl
005 - DATE AND TIME OF LATEST TRANSACTION
- control field: 20241128144941.0
008 - FIXED-LENGTH DATA ELEMENTS
- fixed length control field: 241128|| aca||aabn | a|a d
040 ## - CATALOGING SOURCE
- Original cataloging agency: dpl
- Transcribing agency: dpl
100 ## - HEADING--PERSONAL NAME
- Personal name: Veranda RACE
670 ## - SOURCE DATA FOUND
- Source citation: Work cat.: (dpl)207151: Veranda RACE, SBI PO Pre-Mock Tests/, 2024
